| 000 | 00539nam a22001937a 4500 | ||
|---|---|---|---|
| 003 | KOHA_MİRAKIL | ||
| 005 | 20260325120808.0 | ||
| 008 | 260325b tu ||||| |||| 00| 0 tur d | ||
| 020 | _a9754063907 | ||
| 040 |
_aTR-AnABB _btur _cTR-AnABB |
||
| 041 | _atur | ||
| 082 |
_a956.4305 _bOZG 1992 |
||
| 100 | 1 | _aÖzgür,Özker | |
| 245 | 1 | 0 |
_aKıbrıs'ta Demokrasi Bunalımları / _cÖzker Özgür |
| 260 |
_aİstanbul : _bCem Yayınevi , _c1992 |
||
| 300 |
_a327 sayfa : _c20 cm |
||
| 650 | 0 | 4 | _aTarih Türkiye |
| 942 |
_2ddc _cBK |
||
| 999 |
_c10034 _d10034 |
||
| 900 | _bCem ÖZOGLU | ||